UM Logo

Gabay sa pagkatuto sa sibika at kultura at karapatang pantao, Ikatlong baitang/ (Record no. 11045)

MARC details
000 -LEADER
fixed length control field 00550nam a2200145 4500
008 - FIXED-LENGTH DATA ELEMENTS--GENERAL INFORMATION
fixed length control field 181009b ||||| |||| 00| 0 eng d
022 ## - INTERNATIONAL STANDARD SERIAL NUMBER
International Standard Serial Number 2094-8042
082 ## - DEWEY DECIMAL CLASSIFICATION NUMBER
Classification number DPer 370.105 M72 Jan-Dec 2011 v59-60
100 ## - MAIN ENTRY--PERSONAL NAME
9 (RLIN) 32023
Personal name Arellano, Renato A.
245 ## - TITLE STATEMENT
Title Gabay sa pagkatuto sa sibika at kultura at karapatang pantao, Ikatlong baitang/
Statement of responsibility, etc. Renato A. Arellano.
260 ## - PUBLICATION, DISTRIBUTION, ETC. (IMPRINT)
Place of publication, distribution, etc. Philippines:
Name of publisher, distributor, etc. In the Grade School, Inc.,
Date of publication, distribution, etc. c2011.
300 ## - PHYSICAL DESCRIPTION
Extent v60 n7, page 306-307;
Dimensions 27cm.
650 #0 - SUBJECT ADDED ENTRY--TOPICAL TERM
9 (RLIN) 32024
Topical term or geographic name as entry element Programmed instruction
General subdivision Sibika at Kultura
942 ## - ADDED ENTRY ELEMENTS (KOHA)
Source of classification or shelving scheme Dewey Decimal Classification
Koha item type Periodicals
Holdings
Withdrawn status Lost status Source of classification or shelving scheme Damaged status Not for loan Collection code Home library Current library Date acquired Total Checkouts Full call number Date last seen Price effective from Koha item type Public note
    Dewey Decimal Classification     Periodicals UM Digos College - LIC UM Digos College - LIC 10/09/2018   DPer 370.105 M72 Jan-Dec 2012 v. 60-61 10/09/2018 10/09/2018 Periodicals Periodical article